000 00912cam a22002174a 4500
005 20250605164216.0
008 250528s ||||||||||||||||||||||||d
035 _a20482
020 _a435375768
040 _aGR-AtMCL
_bgre
_dGR-AtMCL
_eAACR2
245 1 _aA Student's Guide to Boll / Students' Guides to European Literature
250 _a1st
260 _bHeinemann Professional Publishing,
_c1972
300 _a120
505 0 _aForeword, acknowledgements, Biographical Note, War: The Decisive Influence, Boll's Critical Writings, Boll: The Short Story Writer, The Novels, Conclusions in Brief, Bibliography.
520 _aForeword, acknowledgements, Biographical Note, War: The Decisive Influence, Boll's Critical Writings, Boll: The Short Story Writer, The Novels, Conclusions in Brief, Bibliography.
700 1 _aMacpherson Enid
_96464
942 _cBK
999 _c5586
_d5586